Essence of Leadership (Record no. 4617)
[ view plain ]
| 000 -LEADER | |
|---|---|
| fixed length control field | 00538nam a22002177a 4500 |
| 003 - CONTROL NUMBER IDENTIFIER | |
| control field | OSt |
| 005 - DATE AND TIME OF LATEST TRANSACTION | |
| control field | 20250308182840.0 |
| 008 - FIXED-LENGTH DATA ELEMENTS--GENERAL INFORMATION | |
| fixed length control field | 250308b |||||||| |||| 00| 0 eng d |
| 022 ## - INTERNATIONAL STANDARD SERIAL NUMBER | |
| Source | 9781861523686 |
| 040 ## - CATALOGING SOURCE | |
| Transcribing agency | CU |
| 050 ## - LIBRARY OF CONGRESS CALL NUMBER | |
| Classification number | HD57 |
| 100 ## - MAIN ENTRY--PERSONAL NAME | |
| Personal name | Kakabadse, Andrew |
| 245 ## - TITLE STATEMENT | |
| Title | Essence of Leadership |
| 250 ## - EDITION STATEMENT | |
| Edition statement | 1st |
| 260 ## - PUBLICATION, DISTRIBUTION, ETC. | |
| Place of publication, distribution, etc. | London |
| Name of publisher, distributor, etc. | International Thompson Business Press |
| Date of publication, distribution, etc. | 1999 |
| 300 ## - PHYSICAL DESCRIPTION | |
| Extent | x,486p |
| Other physical details | ill.; |
| 500 ## - GENERAL NOTE | |
| General note | include index |
| 700 ## - ADDED ENTRY--PERSONAL NAME | |
| Personal name | Kakabadse, Andrew |
| 700 ## - ADDED ENTRY--PERSONAL NAME | |
| Personal name | Kakabadse Nada |
| 942 ## - ADDED ENTRY ELEMENTS (KOHA) | |
| Source of classification or shelving scheme | Library of Congress Classification |
| Koha item type | Books |
| Edition | 1st |
| Suppress in OPAC | No |
| Withdrawn status | Lost status | Source of classification or shelving scheme | Damaged status | Not for loan | Collection | Home library | Current library | Shelving location | Date acquired | Total checkouts | Full call number | Barcode | Date last seen | Copy number | Price effective from | Koha item type |
|---|---|---|---|---|---|---|---|---|---|---|---|---|---|---|---|---|
| Library of Congress Classification | Non-fiction | Undergraduate Library (Christ Temple) | Undergraduate Library (Christ Temple) | General stacks | 03/08/2025 | HD57.7 KAK | ulct00001587 | 03/08/2025 | 1 | 03/08/2025 | Books |